Treaty of the Economic Community of West African States /Economic Community of West African States
Enregistré dans:
| Collectivités auteurs: | , |
|---|---|
| Format: | Texte |
| Publié: |
s.l.:
s.e.
|
| Tags: |
Ajouter un tag
Pas de tags, Soyez le premier à ajouter un tag!
|
MARC
| LEADER | 00000 a a2200000 04500 | ||
|---|---|---|---|
| 001 | 22278 | ||
| 003 | |||
| 040 | |||
| 090 | |a 151400 | ||
| 110 | |a Economic Community of West African States | ||
| 245 | |a Treaty of the Economic Community of West African States /Economic Community of West African States | ||
| 260 | |a s.l.: |b s.e. | ||
| 300 | |a 47 p. | ||
| 710 | |a ECOWAS | ||
| 999 | |c 10767 |d 10767 | ||
